000 00921nam0a22002651 4500
001 rc\3981904
005 20250611044241.0
021 _aRU
_b[55-46347]
035 _a(NLR Aleph) 008061879
090 _a9007973
_c9007973
100 _a20130415d1955 |||y0rusy50 ca
101 0 _arus
102 _aRU
105 _aa z |||||
200 1 _aПрибор продувки жаровых и дымогарных труб
210 _aСвердловск
_cБ. и.
_d1955
215 _a[10] с.
_cчерт.
_d20
225 1 _aМПС СССР. Свердловская железная дорога. Информационно-техническое письмо
606 _aЖаровые трубы
_xПродувка
_2psbo
606 _aДымогарные трубы
_xПродувка
_2psbo
801 0 _aRU
_bNLR
_gpsbo
801 1 _aRU
_bELAR
_2rusmarc
852 _aNLR
_jТ88 Г-4/1401
942 _cBOOK
980 _aNB